|
|
|
|
| LEADER |
01237ppm a22002778a 4500 |
| 001 |
00027065 |
| 005 |
20171026081023.0 |
| 008 |
110928s2009 ||||||viesd |
| 041 |
0 |
# |
|a vie
|
| 082 |
1 |
4 |
|b NGH305C
|a 338.4
|
| 100 |
1 |
# |
|a Nguyễn, Quốc Trạng
|
| 245 |
1 |
0 |
|a Nghiên cứu hành vi tiêu dùng mạng điện thoại di động trả trước Vinaphone của người dân thành phố Cao Lãnh
|b Khóa luận tốt nghiệp : Ngành Quản trị kinh doanh: Trình độ : Đại học
|c Nguyễn Quốc Trạng; Nguyễn Văn Dũng hướng dẫn
|
| 260 |
# |
# |
|a Đồng Tháp
|b Trường Đại học Đồng Tháp
|c 2009
|
| 300 |
# |
# |
|a 64 tr.
|c 30 cm.
|b bảng
|
| 500 |
# |
# |
|a ĐTTTS ghi: Bộ Giáo dục và Đào tạo. Trường Đại học Đồng Tháp
|
| 650 |
|
|
|a Tiêu dùng
|z Thành phố Cao Lãnh
|
| 653 |
# |
# |
|a Nghiên cứu
|
| 653 |
# |
# |
|a Vinaphone
|
| 700 |
1 |
# |
|a Nguyễn, Văn Dũng
|e hướng dẫn
|
| 852 |
# |
# |
|b Kho đọc
|j KD.0011665
|
| 852 |
# |
# |
|j KD.0011665
|
| 910 |
# |
# |
|a Ntuyet
|d 28/09/2011
|
| 980 |
# |
# |
|a Trung tâm Học liệu Lê Vũ Hùng, Trường Đại học Đồng Tháp
|